[Event "FINAL MISTRZOSTW POLSKI JUNIOROW 2018 - GRUPA  C18"]
[Site "Jastrzebia Gora"]
[Date "1899-12-30"]
[Round "1.1"]
[White "Gumularz, Szymon"]
[Black "Woloch, Oskar"]
[Result "1-0"]
[WhiteTitle "FM"]
[BlackTitle "k"]
[WhiteElo "2462"]
[BlackElo "2107"]

1. e4 e5 2. Nf3 Nc6 3. Bc4 Nf6 4. d3 h6 5. c3 d6 6. O-O Qe7 7. Re1 g6 8. a4 Bg7
9. a5 a6 10. Nbd2 O-O 11. b4 Be6 12. Qb3 Nh5 13. Nf1 Kh7 14. Ne3 Nd8 15. d4 c6
16. Ba3 f6 17. Rad1 exd4 18. cxd4 Bd7 19. Nf5 Bxf5 20. exf5 Qd7 21. fxg6+ Kh8
22. Nh4 f5 23. Qf3 1-0

[Event "FINAL MISTRZOSTW POLSKI JUNIOROW 2018 - GRUPA  C18"]
[Site "Jastrzebia Gora"]
[Date "1899-12-30"]
[Round "1.2"]
[White "Wyczling, Bartosz"]
[Black "Karpus, Michal"]
[Result "0-1"]
[WhiteTitle "k"]
[BlackTitle "FM"]
[WhiteElo "2103"]
[BlackElo "2367"]

1. d4 Nf6 2. c4 g6 3. Nc3 d5 4. cxd5 Nxd5 5. e4 Nxc3 6. bxc3 Bg7 7. Nf3 c5 8. Rb1
O-O 9. Be2 b6 10. O-O Qc7 11. d5 Bxc3 12. Bh6 Rd8 13. Qc1 Bh8 14. Bf4 Qb7 15.
h3 Re8 16. Ng5 e5 17. Be3 Qe7 18. Bc4 Qd6 19. f4 Rf8 20. Rf2 Nd7 21. Qf1 a6 22.
a4 Ra7 23. Rb3 Bg7 24. Kh1 a5 25. Bd2 h6 26. fxe5 Nxe5 27. Nf3 Kh7 28. Nxe5 Bxe5
29. Qb1 Bd7 30. Rxb6 Qe7 31. Rb7 Rxb7 32. Qxb7 Rb8 33. Qa6 Rb1+ 34. Bf1 Kg7 35.
Qd3 Ra1 36. Bxa5 Rxa4 37. Bd2 Ra1 38. Qe3 Bb5 39. Qf3 Bd4 40. Bc3 Bxf1 41. Bxa1
Bxg2+ 42. Kxg2 Bxa1 43. Rf1 Be5 44. Rd1 c4 45. Kf1 Qc7 46. Ke2 Qb8 47. Rd2 Qb1
48. d6 c3 49. Rd1 Qb2+ 50. Kf1 c2 51. d7 cxd1=Q+ 52. Qxd1 Bd4 53. Qf3 Qb5+ 54.
Kg2 Qxd7 0-1

[Event "FINAL MISTRZOSTW POLSKI JUNIOROW 2018 - GRUPA  C18"]
[Site "Jastrzebia Gora"]
[Date "1899-12-30"]
[Round "1.3"]
[White "Walter, Szymon"]
[Black "Slomczewski, Michal"]
[Result "1-0"]
[WhiteTitle "k+"]
[BlackTitle "I+"]
[WhiteElo "2330"]
[BlackElo "2045"]

1. e4 c5 2. Nf3 e6 3. d4 cxd4 4. Nxd4 a6 5. Bd3 Qc7 6. O-O b5 7. Qe2 Nf6 8. a4
b4 9. c3 Nc6 10. Nxc6 Qxc6 11. cxb4 Bxb4 12. Bf4 d6 13. Na3 e5 14. Rfc1 Qb7 15.
Bg5 Be6 16. Nc2 Bc5 17. b4 Bg4 18. Qf1 Ba7 19. Ne3 Bd4 20. Bxf6 Be6 21. Bxg7 Rg8
22. Bf6 Bxa1 23. Rxa1 Rg6 24. Bh4 Qxb4 25. Qd1 Kf8 26. Rb1 Qd4 27. a5 Qc3 28.
Be2 Qxa5 29. Bh5 Ba2 30. Ra1 Re6 31. Qc2 Rh6 32. g4 Bb3 33. Rxa5 Bxc2 34. Nxc2
1-0

[Event "FINAL MISTRZOSTW POLSKI JUNIOROW 2018 - GRUPA  C18"]
[Site "Jastrzebia Gora"]
[Date "1899-12-30"]
[Round "1.4"]
[White "Kus, Aleksander"]
[Black "Grela, Kacper"]
[Result "0-1"]
[WhiteTitle "k"]
[BlackTitle "FM"]
[WhiteElo "2009"]
[BlackElo "2321"]

1. e4 c5 2. Nf3 d6 3. Bb5+ Nd7 4. O-O a6 5. Bd3 e6 6. Re1 Ngf6 7. c3 Be7 8. Bc2
b5 9. d4 Bb7 10. Nbd2 Qc7 11. Nf1 Rd8 12. Ng3 Nb6 13. b3 O-O 14. h3 Rc8 15. Re2
Rfd8 16. Be3 cxd4 17. cxd4 d5 18. e5 Ne4 19. Bxe4 dxe4 20. Nd2 Nd5 21. Ndxe4 Nxe3
22. fxe3 f6 23. exf6 gxf6 24. Qe1 f5 25. Nd2 Bh4 26. Ndf1 Kh8 27. Kh2 Rg8 28.
Qf2 Rxg3 29. Nxg3 Rg8 30. Kg1 Bxg3 31. Qf1 Bh2+ 32. Kh1 Be4 33. Qe1 Bg3 34. Qc1
Rc8 35. Qxc7 Rxc7 36. Kg1 Rc3 37. Rd1 Kg7 38. Ra1 Kf6 39. Rd1 Ke7 40. Kf1 Bd3
0-1

[Event "FINAL MISTRZOSTW POLSKI JUNIOROW 2018 - GRUPA  C18"]
[Site "Jastrzebia Gora"]
[Date "1899-12-30"]
[Round "1.6"]
[White "Kaminski, Maciej"]
[Black "Kowalski, Igor"]
[Result "0-1"]
[WhiteTitle "I++"]
[BlackTitle "FM"]
[WhiteElo "1957"]
[BlackElo "2303"]

1. e4 e6 2. d4 d5 3. Nc3 Bb4 4. e5 Ne7 5. a3 Bxc3+ 6. bxc3 c5 7. Qg4 Qc7 8. Qxg7
Rg8 9. Qxh7 cxd4 10. Ne2 Nbc6 11. f4 dxc3 12. Qd3 Bd7 13. Be3 O-O-O 14. g3 d4
15. Bf2 a6 16. Bg2 Nf5 17. O-O Nce7 18. a4 Bc6 19. Be4 Bd5 20. Rfb1 Qc6 21. Bxd5
Qxd5 22. Kf1 Qh1+ 23. Bg1 Ne3+ 24. Ke1 N7d5 25. Rxb7 Kxb7 26. Rb1+ Kc7 27. Qxa6
Nxc2+ 28. Kf2 Ndb4 29. Qa5+ Kc8 30. Rxb4 Nxb4 31. Qxb4 Qc6 32. Ke1 c2 33. Kd2
d3 34. Nc1 Qg2+ 0-1

[Event "FINAL MISTRZOSTW POLSKI JUNIOROW 2018 - GRUPA  C18"]
[Site "Jastrzebia Gora"]
[Date "1899-12-30"]
[Round "1.7"]
[White "Szustakowski, Antoni"]
[Black "Swider, Pawel"]
[Result "1-0"]
[WhiteTitle "FM"]
[BlackTitle "I"]
[WhiteElo "2297"]
[BlackElo "1941"]

1. d4 d5 2. c4 e6 3. Nc3 Nf6 4. Nf3 Be7 5. Bf4 O-O 6. e3 c6 7. Bd3 dxc4 8. Bxc4
Nd5 9. O-O Nd7 10. Bg3 N7f6 11. Rc1 Nxc3 12. bxc3 Qa5 13. Qc2 b6 14. Ne5 Bb7 15.
Bd3 Rad8 16. Bh4 h6 17. Bh7+ Kh8 18. Be4 Rc8 19. Nd7 Rfd8 20. Nxf6 Bxf6 21. Bxf6
gxf6 22. Rfd1 Rg8 23. c4 b5 24. Qb2 b4 25. Rb1 Ba6 26. c5 Kg7 27. Qxb4 Qxa2 28.
Ra1 Qe2 29. Rd2 Qc4 30. Qa3 Bb7 31. Rc2 Qb5 32. Bd3 1-0

[Event "FINAL MISTRZOSTW POLSKI JUNIOROW 2018 - GRUPA  C18"]
[Site "Jastrzebia Gora"]
[Date "1899-12-30"]
[Round "1.8"]
[White "Jarzebowski, Kacper"]
[Black "Koziol, Kamil"]
[Result "1/2-1/2"]
[WhiteTitle "I++"]
[BlackTitle "FM"]
[WhiteElo "1914"]
[BlackElo "2262"]

1. d4 d5 2. Nf3 Nf6 3. c4 e6 4. g3 dxc4 5. Bg2 Be7 6. Qa4+ c6 7. Qxc4 O-O 8. O-O
b5 9. Qc2 Bb7 10. Rd1 Nbd7 11. Nc3 Qb6 12. e4 a5 13. Be3 c5 14. d5 exd5 15. Nxd5
Nxd5 16. exd5 Rfd8 17. d6 Bf6 18. Ng5 Bxg5 19. Bxg5 f6 20. Bf4 Bxg2 21. Kxg2 Qc6+
22. f3 c4 23. h4 Nc5 24. Rac1 Ne6 25. Qf5 Nxf4+ 26. Qxf4 Ra6 27. a4 bxa4 28. Qxc4+
Qxc4 29. Rxc4 Raxd6 30. Rxd6 Rxd6 31. Rxa4 Rd2+ 32. Kh3 Rxb2 33. Rxa5 Rb7 34.
h5 Kf7 35. g4 1/2-1/2

[Event "FINAL MISTRZOSTW POLSKI JUNIOROW 2018 - GRUPA  C18"]
[Site "Jastrzebia Gora"]
[Date "1899-12-30"]
[Round "1.9"]
[White "Lukasiewicz, Krzysztof"]
[Black "Choina, Michal"]
[Result "1-0"]
[WhiteTitle "k"]
[BlackTitle "I++"]
[WhiteElo "2209"]
[BlackElo "1906"]

1. e4 c5 2. Nf3 Nc6 3. d4 cxd4 4. Nxd4 Nf6 5. Nc3 e5 6. Ndb5 d6 7. Bg5 a6 8. Na3
Be6 9. Nc4 Rc8 10. Ne3 Be7 11. Bxf6 Bxf6 12. Ncd5 Bg5 13. c3 Ne7 14. Nxe7 Qxe7
15. Nd5 Bxd5 16. Qxd5 Qc7 17. Rd1 Qc6 18. Qd3 O-O 19. Be2 Rfd8 20. O-O Qa4 21.
Qb1 Rc5 22. Bf3 b5 23. Rd3 b4 24. b3 Qb5 25. c4 Qb6 26. g3 a5 27. h4 Be7 28. Bg4
a4 29. Kh2 axb3 30. axb3 Ra8 31. Rd2 Rca5 32. Bd7 Qd8 33. Bc6 Rc8 34. Bb7 Rb8
35. Bd5 Bxh4 36. Ra2 Rxa2 37. Qxa2 Qf6 38. Kg2 Bg5 39. Qa7 Rf8 40. Rd1 Qh6 41.
Qd7 Rd8 42. Qxf7+ Kh8 43. Be6 Qf6 44. Qxf6 Bxf6 45. Rd5 Bg5 46. Kf1 g6 47. Ke2
Kg7 48. Rb5 Kf6 49. Bd5 Bc1 50. Rxb4 Ba3 51. Rb7 Bc5 52. b4 Bd4 53. Rxh7 Rb8 54.
f4 exf4 55. gxf4 g5 56. Kd3 Bb2 57. Rh6+ Kg7 58. fxg5 Rxb4 59. Rxd6 Be5 60. Re6
Bg3 61. c5 Rb1 62. Kc4 Bf2 63. c6 Rc1+ 64. Kb5 Be3 65. Re7+ Kg6 66. c7 Bf4 67.
Re6+ Kxg5 68. Rc6 Rb1+ 69. Kc5 Rc1+ 70. Bc4 Bxc7 71. Rxc7 Kf6 72. Kd6 1-0

[Event "FINAL MISTRZOSTW POLSKI JUNIOROW 2018 - GRUPA  C18"]
[Site "Jastrzebia Gora"]
[Date "1899-12-30"]
[Round "1.10"]
[White "Dryja, Szymon"]
[Black "Bilczewski, Kacper"]
[Result "1-0"]
[WhiteTitle "I++"]
[BlackTitle "k+"]
[WhiteElo "1896"]
[BlackElo "2161"]

1. e4 d6 2. d4 Nf6 3. Nc3 e5 4. Nge2 Be7 5. h3 O-O 6. g4 c6 7. Bg2 b5 8. a3 a5
9. O-O Ba6 10. b4 Nbd7 11. f4 Qc7 12. Ng3 exd4 13. Nce2 Rad8 14. g5 Ne8 15. Nxd4
c5 16. Ndf5 Nb6 17. Qh5 Nc4 18. Nxe7+ Qxe7 19. f5 Qe5 20. Bf4 Qc3 21. Kh2 Bb7
22. Qh4 g6 23. f6 Qxc2 24. Qh6 cxb4 25. axb4 a4 26. Bc1 Ne5 27. Rf4 d5 28. Be3
dxe4 29. Bc5 Nf3+ 30. Rxf3 Qxc5 31. bxc5 exf3 32. Re1 Rd2 33. Rxe8 Rxg2+ 34. Kh1
1-0

[Event "FINAL MISTRZOSTW POLSKI JUNIOROW 2018 - GRUPA  C18"]
[Site "Jastrzebia Gora"]
[Date "1899-12-30"]
[Round "1.11"]
[White "Sernecki, Franciszek"]
[Black "Janiszewski, Filip"]
[Result "1-0"]
[WhiteTitle "I+"]
[BlackTitle "I++"]
[WhiteElo "2160"]
[BlackElo "1869"]

1. e4 c5 2. Nc3 d6 3. Nf3 Nf6 4. d4 cxd4 5. Nxd4 a6 6. Bc4 e6 7. a3 Qc7 8. Ba2
Nc6 9. Be3 Be7 10. O-O Ne5 11. Qe2 Neg4 12. Bd2 d5 13. g3 dxe4 14. Nxe4 h5 15.
Ng5 Qb6 16. Ndf3 Bd7 17. Rae1 h4 18. Nxh4 Rxh4 19. gxh4 Qc7 20. f3 Nh6 21. Bb4
Bxb4 22. axb4 Qb6+ 23. Qf2 Qxb4 24. c3 Qf4 25. Ne4 Bc6 26. Qg3 Qxg3+ 27. hxg3
Nxe4 28. fxe4 Rd8 29. Bb1 Ba4 30. e5 Rd5 31. Be4 Rb5 32. Re2 Ng4 33. Rf4 Nxe5
34. Bxb7 Bd1 35. Re1 Rxb7 36. Rxe5 Rxb2 37. Re1 Bh5 38. g4 Bg6 39. Ra1 Bd3 40.
Rd4 Be2 41. g5 Rc2 42. Ra3 Bb5 43. h5 f6 44. h6 gxh6 45. gxh6 Kf7 46. Rg4 Rc1+
47. Kh2 Bc6 48. Rg7+ Kf8 49. Rxa6 Rh1+ 50. Kg3 Rxh6 51. Rc7 Be8 52. Ra8 Rg6+ 53.
Kf4 e5+ 54. Kf5 Rg5+ 55. Ke6 e4 56. Rxe8+ 1-0

[Event "FINAL MISTRZOSTW POLSKI JUNIOROW 2018 - GRUPA  C18"]
[Site "Jastrzebia Gora"]
[Date "1899-12-30"]
[Round "1.12"]
[White "Koloczek, Maciej"]
[Black "Hrymowicz, Artur"]
[Result "0-1"]
[WhiteTitle "I"]
[BlackTitle "I++"]
[WhiteElo "1864"]
[BlackElo "2156"]

1. e4 c5 2. Nf3 d6 3. d4 cxd4 4. Nxd4 Nf6 5. Nc3 a6 6. Bg5 Nbd7 7. f4 Qc7 8. Qf3
b5 9. e5 Bb7 10. exd6 Qb6 11. Qd3 e6 12. O-O-O Qxd6 13. Rg1 h6 14. Bxf6 Qxf4+
15. Kb1 Nxf6 16. Ndxb5 Bc5 17. g3 Qb8 18. Nd6+ Kf8 19. Nxb7 Bxg1 20. Bg2 Bb6 21.
Nd8 Qxd8 22. Bxa8 Qxd3 23. Rxd3 Ke7 24. Bb7 a5 25. Bf3 Nd7 26. Rd1 Rb8 27. Ne4
f5 28. Nc3 Bc5 29. b3 g5 30. h3 Ne5 31. Be2 Bf2 32. g4 f4 33. Ne4 Be3 34. c4 Nc6
35. c5 Nd4 36. Bc4 a4 37. Kb2 e5 38. Nc3 axb3 39. axb3 Kf8 40. Nd5 Bf2 41. Kc3
Nc6 42. Nf6 Bd4+ 43. Kd3 Kg7 44. Ne4 Nb4+ 45. Ke2 Ra8 46. Rd2 Ra1 47. Nd6 Bxc5
48. Nf5+ Kf6 49. Rd7 e4 50. Rc7 f3+ 51. Kd2 Ra2+ 52. Ke1 e3 53. Rxc5 Ra1# 0-1

[Event "FINAL MISTRZOSTW POLSKI JUNIOROW 2018 - GRUPA  C18"]
[Site "Jastrzebia Gora"]
[Date "1899-12-30"]
[Round "1.13"]
[White "Brozyna, Mateusz"]
[Black "Kupiecki, Szymon"]
[Result "1-0"]
[WhiteTitle "I+"]
[BlackTitle "I"]
[WhiteElo "2147"]
[BlackElo "1827"]

1. e4 e5 2. Nf3 Nc6 3. Bc4 Nf6 4. d3 Bc5 5. O-O d6 6. c3 O-O 7. Bb3 Bb6 8. Nbd2
Ne7 9. Nc4 Ng6 10. a4 c6 11. Nxb6 Qxb6 12. Be3 Qc7 13. h3 Be6 14. Bc2 d5 15. Ng5
Bc8 16. Nf3 Be6 17. Nd2 Rfd8 18. Qf3 dxe4 19. dxe4 Rd7 20. Rfe1 Rad8 21. Nf1 Ne8
22. Ng3 Nd6 23. b3 a5 24. Nf5 b5 25. h4 f6 26. h5 Nf8 27. h6 g6 28. Nxd6 Qxd6
29. axb5 cxb5 30. Rxa5 Qc7 31. Rxb5 Qxc3 32. Rc1 Rf7 33. Rc5 Qb4 34. Rc6 Qb5 35.
Bd1 Bxb3 36. Bxb3 Qxb3 37. Rxf6 Rxf6 38. Qxf6 Rd1+ 39. Kh2 Rd7 40. Qxe5 Qf7 41.
Rc8 1-0

[Event "FINAL MISTRZOSTW POLSKI JUNIOROW 2018 - GRUPA  C18"]
[Site "Jastrzebia Gora"]
[Date "1899-12-30"]
[Round "1.14"]
[White "Bojczewski, Rafal"]
[Black "Zaleski, Lukasz"]
[Result "0-1"]
[WhiteTitle "I+"]
[BlackTitle "k"]
[WhiteElo "1790"]
[BlackElo "2132"]

1. e4 e6 2. d4 d5 3. exd5 exd5 4. Bd3 Nc6 5. c3 Bd6 6. Nf3 Bg4 7. O-O Nge7 8. Be3
Qd7 9. Nbd2 f6 10. b4 Bf5 11. Qc2 O-O 12. Nb3 Bxd3 13. Qxd3 Qf5 14. Qxf5 Nxf5
15. Rfe1 Rfe8 16. Bd2 Rxe1+ 17. Rxe1 Kf7 18. g4 Nfe7 19. h4 a5 20. b5 Nd8 21.
a4 Nc8 22. c4 dxc4 23. Nxa5 c3 24. Bxc3 b6 25. Nc4 Rxa4 26. Nfd2 Ne6 27. Re4 Ra2
28. f4 Na7 29. f5 Nd8 30. Nxd6+ cxd6 31. Bb4 Nxb5 32. Nc4 Nc6 33. Bxd6 Nbxd4 34.
Bc5 Ne2+ 35. Rxe2 Rxe2 36. Bxb6 Rc2 37. Nd6+ Ke7 0-1

[Event "FINAL MISTRZOSTW POLSKI JUNIOROW 2018 - GRUPA  C18"]
[Site "Jastrzebia Gora"]
[Date "1899-12-30"]
[Round "1.16"]
[White "Raclawicki, Kacper"]
[Black "Raczynski, Krzysztof"]
[Result "0-1"]
[WhiteTitle "I"]
[BlackTitle "k+"]
[WhiteElo "1738"]
[BlackElo "2124"]

1. d4 Nf6 2. g3 c5 3. Nf3 cxd4 4. Nxd4 e5 5. Nb3 Nc6 6. c4 a5 7. Bg2 a4 8. N3d2
Bc5 9. O-O O-O 10. Nc3 a3 11. Nb3 Be7 12. e4 d6 13. bxa3 Be6 14. Nd5 Na5 15. Qd3
Nd7 16. Be3 Nc6 17. Rfd1 Nc5 18. Nxe7+ Qxe7 19. Qxd6 Qxd6 20. Rxd6 Na4 21. Rc1
Rfc8 22. f4 g6 23. f5 gxf5 24. exf5 Bxf5 25. Rf1 Be6 26. Bd5 Rd8 27. Rxd8+ Nxd8
28. Bh6 Nc3 29. Bg2 Rxa3 30. Nc5 Rxa2 31. Bxb7 Nxb7 32. Nxe6 Ra6 33. Bd2 Ne4 34.
Nc7 Rc6 35. Rb1 Rxc7 36. Bb4 Rxc4 37. Be7 Rc7 0-1

[Event "FINAL MISTRZOSTW POLSKI JUNIOROW 2018 - GRUPA  C18"]
[Site "Jastrzebia Gora"]
[Date "1899-12-30"]
[Round "1.17"]
[White "Garbowski, Jakub"]
[Black "Rak, Maciej"]
[Result "1-0"]
[WhiteTitle "k"]
[BlackTitle "I"]
[WhiteElo "2112"]
[BlackElo "1694"]

1. e4 e6 2. d4 d5 3. Nd2 dxe4 4. Nxe4 Nd7 5. Nf3 Ngf6 6. Bd3 b6 7. Qe2 Be7 8. Ne5
Nxe5 9. dxe5 Nd5 10. Bd2 Bb7 11. O-O-O Qd7 12. a3 c6 13. c4 Nc7 14. Bg5 O-O-O
15. Bc2 Bxg5+ 16. Nxg5 Qe7 17. Ne4 Rxd1+ 18. Rxd1 Ne8 19. c5 b5 20. Qd2 Nc7 21.
Qd6 Re8 22. Qxe7 Rxe7 23. Nd6+ Kb8 24. Bxh7 a5 25. h4 Na6 26. Ne4 f5 27. exf6
gxf6 28. Bg6 f5 29. Ng5 Nxc5 30. h5 Rg7 31. Rd6 a4 32. Nxe6 Nxe6 33. Rxe6 Kc7
34. h6 Bc8 35. Rxc6+ Kxc6 36. hxg7 Be6 37. Bh7 1-0

[Event "FINAL MISTRZOSTW POLSKI JUNIOROW 2018 - GRUPA  C18"]
[Site "Jastrzebia Gora"]
[Date "1899-12-30"]
[Round "2.1"]
[White "Sernecki, Franciszek"]
[Black "Gumularz, Szymon"]
[Result "0-1"]
[WhiteTitle "I+"]
[BlackTitle "FM"]
[WhiteElo "2160"]
[BlackElo "2462"]

1. d4 g6 2. Nf3 Bg7 3. e3 Nf6 4. Be2 O-O 5. O-O d5 6. b4 a5 7. b5 c5 8. c4 dxc4
9. Bxc4 Bg4 10. Bb2 Ne4 11. Be2 Nd7 12. Nbd2 Bxf3 13. Bxf3 Nd6 14. a4 cxd4 15.
Bxd4 Bxd4 16. exd4 Rc8 17. Nb3 Rc4 18. Qd2 b6 19. Rfc1 Rb4 20. Qd1 Nf6 21. Rc6
e6 22. Qd3 Nf5 23. Rc4 Qd6 24. Rc6 Qb8 25. Qc3 Ne7 26. Rc4 Ned5 27. Bxd5 Nxd5
28. Qc2 Rxc4 29. Qxc4 Rc8 30. Qe2 Rc3 31. Nd2 Qf4 32. Rd1 Ra3 33. g3 Qf5 34. Qc4
Rc3 35. Qe2 Rc2 36. Qe1 Nc3 37. Ra1 Qd3 38. Nf1 Qf3 39. Nd2 Qd3 40. Nf1 Ne2+ 41.
Kg2 Qe4+ 42. Kh3 Ng1# 0-1

[Event "FINAL MISTRZOSTW POLSKI JUNIOROW 2018 - GRUPA  C18"]
[Site "Jastrzebia Gora"]
[Date "1899-12-30"]
[Round "2.2"]
[White "Karpus, Michal"]
[Black "Brozyna, Mateusz"]
[Result "1-0"]
[WhiteTitle "FM"]
[BlackTitle "I+"]
[WhiteElo "2367"]
[BlackElo "2147"]

1. e4 e5 2. Nf3 Nc6 3. Bb5 a6 4. Ba4 Nf6 5. O-O Be7 6. Re1 b5 7. Bb3 O-O 8. a4
Rb8 9. d4 d6 10. c3 b4 11. h3 Nd7 12. a5 Bf6 13. Ba4 Ne7 14. Be3 g6 15. Nbd2 Bg7
16. Nc4 exd4 17. cxd4 d5 18. exd5 Nxd5 19. Bg5 N7f6 20. Nfe5 Ne7 21. Qd2 Be6 22.
g4 Qc8 23. Rac1 Nfd5 24. Nc6 Nxc6 25. Bxc6 b3 26. Nd6 cxd6 27. Bxd5 Qd7 28. Bc6
Qa7 29. d5 Bc8 30. Be7 Be5 31. Bxf8 Kxf8 32. Rc4 Kg7 33. Kg2 h6 34. Re3 Qc7 35.
Qe2 Bf6 36. Re8 Qxa5 37. Rf4 Qc7 38. Rxf6 Kxf6 39. Qf3+ Kg7 40. Qc3+ f6 41. Qe3
1-0

[Event "FINAL MISTRZOSTW POLSKI JUNIOROW 2018 - GRUPA  C18"]
[Site "Jastrzebia Gora"]
[Date "1899-12-30"]
[Round "2.3"]
[White "Hrymowicz, Artur"]
[Black "Walter, Szymon"]
[Result "1/2-1/2"]
[WhiteTitle "I++"]
[BlackTitle "k+"]
[WhiteElo "2156"]
[BlackElo "2330"]

1. e4 c5 2. Nf3 d6 3. d4 cxd4 4. Nxd4 Nf6 5. Nc3 a6 6. Be3 e5 7. Nf3 Qc7 8. a4
Be6 9. a5 Qc6 10. Qd3 Be7 11. Be2 Nbd7 12. O-O O-O 13. Rfd1 Rac8 14. Nd2 Rfd8
15. Bf3 Bf8 16. Nf1 Nc5 17. Bxc5 Qxc5 18. Ne3 g6 19. h3 h5 20. Ncd5 Bxd5 21. exd5
Bh6 22. c3 Bxe3 23. Qxe3 Qxe3 24. fxe3 e4 25. Be2 Nd7 26. Ra4 Re8 27. Rb4 Rc7
28. g4 hxg4 29. hxg4 Re7 30. Rdd4 f5 31. Rdc4 Rxc4 32. Rxc4 Kf7 33. Rc8 Nf6 34.
gxf5 gxf5 35. c4 Re8 36. Rc7+ Re7 37. Rc8 Re8 1/2-1/2

[Event "FINAL MISTRZOSTW POLSKI JUNIOROW 2018 - GRUPA  C18"]
[Site "Jastrzebia Gora"]
[Date "1899-12-30"]
[Round "2.4"]
[White "Grela, Kacper"]
[Black "Klepek, Witold"]
[Result "1-0"]
[WhiteTitle "FM"]
[BlackTitle "k"]
[WhiteElo "2321"]
[BlackElo "2126"]

1. d4 Nf6 2. c4 c5 3. d5 b5 4. cxb5 a6 5. bxa6 g6 6. Nc3 Bxa6 7. e4 Bxf1 8. Kxf1
d6 9. g3 Bg7 10. Kg2 O-O 11. Nf3 Nbd7 12. a4 Qb6 13. Qe2 Rfb8 14. Nb5 Ne8 15.
Bg5 h6 16. Bxe7 Rb7 17. Nd2 Qa6 18. Nc4 Ne5 19. Nxe5 Bxe5 20. Bh4 Nc7 21. g4 Nxb5
22. axb5 Qxa1 23. Rxa1 Rxa1 24. Bg3 Bxg3 25. hxg3 f6 26. b4 cxb4 27. Qb2 Raa7
28. Qxf6 Kh7 29. Qd4 b3 30. Qb4 Rb6 31. Qxb3 Ra5 32. Qc3 Raxb5 33. Qc7+ Kh8 34.
Qd8+ Kg7 35. Qe7+ Kg8 36. Qf6 1-0

[Event "FINAL MISTRZOSTW POLSKI JUNIOROW 2018 - GRUPA  C18"]
[Site "Jastrzebia Gora"]
[Date "1899-12-30"]
[Round "2.5"]
[White "Zaleski, Lukasz"]
[Black "Chylewski, Patryk"]
[Result "0-1"]
[WhiteTitle "k"]
[BlackTitle "FM"]
[WhiteElo "2132"]
[BlackElo "2313"]

1. e4 e5 2. Nf3 Nc6 3. Bb5 a6 4. Ba4 Nf6 5. O-O Be7 6. Re1 b5 7. Bb3 O-O 8. a4
b4 9. d3 d6 10. Nbd2 Na5 11. Ba2 c5 12. c3 bxc3 13. bxc3 Rb8 14. d4 cxd4 15. cxd4
Nc6 16. dxe5 dxe5 17. Nc4 Qxd1 18. Rxd1 Nxe4 19. Re1 Nc3 20. Ncxe5 Nxe5 21. Nxe5
Nxa2 22. Rxa2 Be6 23. Nc6 Bxa2 24. Nxb8 Bb4 25. Re2 Rxb8 26. Rxa2 Rd8 0-1

[Event "FINAL MISTRZOSTW POLSKI JUNIOROW 2018 - GRUPA  C18"]
[Site "Jastrzebia Gora"]
[Date "1899-12-30"]
[Round "2.6"]
[White "Kowalski, Igor"]
[Black "Garbowski, Jakub"]
[Result "1/2-1/2"]
[WhiteTitle "FM"]
[BlackTitle "k"]
[WhiteElo "2303"]
[BlackElo "2112"]

1. d4 Nf6 2. c4 g6 3. Nc3 d5 4. cxd5 Nxd5 5. e4 Nxc3 6. bxc3 Bg7 7. Nf3 c5 8. Rb1
O-O 9. Be2 b6 10. O-O Bb7 11. d5 Nd7 12. c4 Qc7 13. Bb2 Qd6 14. Bxg7 Kxg7 15.
h4 e5 16. h5 h6 17. hxg6 fxg6 18. g3 Nf6 19. Qd3 Bc8 20. Kg2 Bg4 21. Nd2 Qd7 22.
Rh1 Bxe2 23. Qxe2 Rae8 24. Rb5 Re7 25. a4 Ne8 26. a5 Nd6 27. Rb3 bxa5 28. Qe3
g5 29. Qxc5 Qc7 30. Qxc7 Rxc7 31. Rc1 Rfc8 32. Ra3 Nxc4 33. Nxc4 Rxc4 34. Rxc4
Rxc4 35. Rxa5 Rxe4 36. Rxa7+ Kf6 37. Ra6+ Kf5 38. Rxh6 g4 39. Rh5+ Kg6 40. Rh8
Rd4 41. Rd8 Kf6 42. Kf1 Ke7 43. Rg8 Kf7 44. Rd8 Ke7 45. Rg8 Kf7 1/2-1/2

[Event "FINAL MISTRZOSTW POLSKI JUNIOROW 2018 - GRUPA  C18"]
[Site "Jastrzebia Gora"]
[Date "1899-12-30"]
[Round "2.7"]
[White "Raczynski, Krzysztof"]
[Black "Szustakowski, Antoni"]
[Result "0-1"]
[WhiteTitle "k+"]
[BlackTitle "FM"]
[WhiteElo "2124"]
[BlackElo "2297"]

1. e4 e5 2. Nf3 Nc6 3. Bb5 Nge7 4. O-O g6 5. c3 a6 6. Ba4 Bg7 7. d4 exd4 8. cxd4
b5 9. Bb3 O-O 10. Nc3 Na5 11. Bc2 d6 12. Bg5 h6 13. Bh4 Bg4 14. Qd3 Qd7 15. Bxe7
Qxe7 16. Nd5 Qd8 17. Nd2 c5 18. dxc5 dxc5 19. Bd1 Be6 20. Qc2 c4 21. Nf4 Bd7 22.
Rb1 Nc6 23. Nf3 Nb4 24. Qd2 Nxa2 25. b3 Nc3 26. Rc1 Nxe4 27. Qe3 Re8 28. bxc4
Ng3 29. Qxe8+ Bxe8 30. hxg3 bxc4 31. Be2 c3 32. Rfd1 Qa5 33. Bc4 Bb5 34. Bd5 Rd8
35. Nxg6 Be2 36. Re1 Bxf3 37. Ne7+ Kf8 38. Bxf3 Re8 39. Nc6 Rxe1+ 40. Rxe1 Qc5
41. Rd1 Bf6 42. Be4 Bg5 43. Nd4 Bd2 44. Nc2 f5 45. Bd3 Qd5 46. Bxa6 Qe4 0-1

[Event "FINAL MISTRZOSTW POLSKI JUNIOROW 2018 - GRUPA  C18"]
[Site "Jastrzebia Gora"]
[Date "1899-12-30"]
[Round "2.8"]
[White "Dryja, Szymon"]
[Black "Lukasiewicz, Krzysztof"]
[Result "0-1"]
[WhiteTitle "I++"]
[BlackTitle "k"]
[WhiteElo "1896"]
[BlackElo "2209"]

1. e4 c5 2. Nf3 d6 3. d4 cxd4 4. Nxd4 Nf6 5. Nc3 a6 6. Bg5 e6 7. f4 h6 8. Bh4 Qb6
9. a3 Be7 10. Bf2 Qc7 11. Qf3 Nbd7 12. O-O-O b5 13. g4 Bb7 14. Bg2 Rc8 15. Kb1
g5 16. Qh3 Nh7 17. e5 Bxg2 18. Qxg2 gxf4 19. exd6 Bxd6 20. Bh4 Be5 21. Rhe1 Ng5
22. Ne4 f3 23. Qf2 Nc5 24. Bxg5 Nxe4 25. Rxe4 hxg5 26. Nxf3 Bf6 27. h4 Qc6 28.
Rde1 Qc5 29. Qe2 O-O 30. hxg5 Bg7 31. Ne5 Rc7 32. Rd1 Rfc8 33. c3 Qe7 34. g6 f5
35. Re3 f4 36. Re4 Qg5 37. Ka1 Re8 38. Rf1 Ree7 39. Rfxf4 Bxe5 40. Rf7 Bf6 41.
Rxe6 Rxf7 42. gxf7+ Rxf7 43. Rxa6 Qc5 44. Qe4 Bxc3 45. Qg6+ Kf8 46. Qd6+ Qxd6
47. Rxd6 Rf1+ 48. Ka2 Rf2 49. Kb1 Rxb2+ 50. Kc1 Ke7 51. Ra6 Kd7 52. g5 Rg2 53.
g6 Kc7 54. Kb1 Be5 55. Kc1 Kb7 56. Re6 Bb2+ 57. Kb1 Bxa3 58. Re5 Kc6 59. Re6+
Kd5 60. Ra6 Bb4 61. Rb6 Kc4 62. Rc6+ Kb3 63. g7 Bc3 64. g8=Q+ Rxg8 0-1

[Event "FINAL MISTRZOSTW POLSKI JUNIOROW 2018 - GRUPA  C18"]
[Site "Jastrzebia Gora"]
[Date "1899-12-30"]
[Round "2.9"]
[White "Koziol, Kamil"]
[Black "Bilczewski, Kacper"]
[Result "1-0"]
[WhiteTitle "FM"]
[BlackTitle "k+"]
[WhiteElo "2262"]
[BlackElo "2161"]

1. e4 e6 2. d4 d5 3. Nc3 Nf6 4. Bg5 Bb4 5. exd5 Qxd5 6. Bxf6 gxf6 7. Nge2 Qa5 8.
a3 Be7 9. d5 exd5 10. b4 Qb6 11. Nxd5 Qd6 12. Ng3 Be6 13. Nxe7 Qxe7 14. Be2 Nd7
15. Qd4 O-O 16. O-O Rfe8 17. Rad1 a5 18. Qf4 axb4 19. axb4 Kh8 20. Bd3 Rg8 21.
Bxh7 Kxh7 22. Nf5 Bxf5 23. Qxf5+ Kg7 24. Rxd7 Qxb4 25. Rxc7 Ra5 26. Qd7 Rf8 27.
Rxb7 Qe4 28. Rc7 Rg5 29. g3 Rh5 30. Qc6 Qg4 31. Qg2 Rh3 32. f3 Qd4+ 33. Qf2 Qd6
34. Rc4 Rfh8 35. Rg4+ Kf8 36. Ra1 Qc6 37. Rb1 Qc7 38. Ra1 Qc8 39. Qd4 1-0

[Event "FINAL MISTRZOSTW POLSKI JUNIOROW 2018 - GRUPA  C18"]
[Site "Jastrzebia Gora"]
[Date "1899-12-30"]
[Round "2.10"]
[White "Woloch, Oskar"]
[Black "Jarzebowski, Kacper"]
[Result "1-0"]
[WhiteTitle "k"]
[BlackTitle "I++"]
[WhiteElo "2107"]
[BlackElo "1914"]

1. e4 c5 2. Nf3 a6 3. c4 d6 4. d4 Bg4 5. d5 Nf6 6. Nc3 Nbd7 7. Be2 Bxf3 8. Bxf3
g6 9. O-O Bg7 10. g3 h5 11. h3 Ne5 12. Be2 O-O 13. f4 Ned7 14. Bf3 b5 15. cxb5
axb5 16. Nxb5 Nb6 17. Nc3 Qd7 18. Bg2 Rfb8 19. e5 Ne8 20. e6 Qc8 21. exf7+ Kxf7
22. f5 Bd4+ 23. Kh2 Nf6 24. fxg6+ Kg7 25. Ne2 Be5 26. Nf4 Qh8 27. Ne6+ Kxg6 28.
Qd3+ Kf7 29. Bf4 Nbd7 30. Bxe5 Nxe5 31. Qe2 Ra5 32. Rf5 Ke8 33. Qd2 Ra7 34. a4
Nc4 35. Qe2 Rb4 36. Rf4 Rxb2 37. Qxc4 Rab7 38. Raf1 Ng4+ 39. Rxg4 hxg4 40. Qxg4
Rxg2+ 41. Kxg2 Rb2+ 42. Kg1 Kd7 43. Nxc5+ Kc7 44. Qd7+ Kb6 45. Qc6+ Ka5 46. Qc7+
Kb4 47. Nd3+ Ka3 48. Ra1+ Ra2 49. Qc1+ 1-0

[Event "FINAL MISTRZOSTW POLSKI JUNIOROW 2018 - GRUPA  C18"]
[Site "Jastrzebia Gora"]
[Date "1899-12-30"]
[Round "2.11"]
[White "Janiszewski, Filip"]
[Black "Wyczling, Bartosz"]
[Result "0-1"]
[WhiteTitle "I++"]
[BlackTitle "k"]
[WhiteElo "1869"]
[BlackElo "2103"]

1. e4 c5 2. Nf3 Nc6 3. d4 cxd4 4. Nxd4 g6 5. c4 Nf6 6. Nc3 Nxd4 7. Qxd4 d6 8. Be3
Bg7 9. f3 O-O 10. Qd2 Be6 11. Rc1 Qa5 12. Be2 Rfc8 13. b3 Nd7 14. Bd4 Bxd4 15.
Qxd4 a6 16. O-O Rab8 17. f4 Nf6 18. f5 gxf5 19. exf5 Bd7 20. Ne4 Nxe4 21. Qxe4
Qe5 22. Qf3 Qf6 23. Rce1 Rc5 24. Bd3 Kf8 25. Kh1 b5 26. b4 Rc7 27. cxb5 axb5 28.
Rc1 Rbc8 29. Rxc7 Rxc7 30. Qa8+ Kg7 31. h3 Bc6 32. Qb8 Qg5 33. Rg1 Qg3 34. f6+
exf6 35. Bf5 Bxg2+ 0-1